|
|
|
|
| LEADER |
00000nam a2200000 a 4500 |
| 001 |
vtls001405060 |
| 003 |
SK-MaSNL |
| 005 |
20260302034929.0 |
| 008 |
251113s1963 xo 0 slo |
| 035 |
|
|
|a SNK000359659
|
| 040 |
|
|
|a SNK
|b slo
|c SNK
|e AACR2
|
| 041 |
0 |
|
|a slo
|
| 044 |
|
|
|a xo
|c SK
|
| 245 |
1 |
|
|a Kurz hospodárskeho práva pre Vysokú školu ekonomickú
|c kolektív
|
| 260 |
|
|
|a Bratislava
|b Slovenské pedagogické nakladateľstvo
|c 1963
|
| 300 |
|
|
|a 635 s.
|c 28 cm
|
| 490 |
1 |
|
|a Vysokoškolské učebné texty
|
| 500 |
|
|
|a Vyd. Rektorát Vysokej školy ekonomickej v Bratislave
|
| 830 |
|
0 |
|a Vysokoškolské učebné texty
|9 276539
|
| 958 |
|
|
|a OND
|
| 999 |
|
|
|c 1068513
|d 1070443
|
| 952 |
|
|
|a SNK
|b SNK
|y PREZ
|7 0
|p 17A0265426
|o snkSB 9753
|i snkKSP 804/63
|0 0
|1 0
|4 0
|d 2001-01-18
|f 1
|l 0
|r 2005-01-02 00:00:00
|w 2026-02-24
|
| 952 |
|
|
|t P60, <04>, [BOOK], {604}
|a SNK
|b SNK
|y VYP
|7 0
|p 17A0265376
|o snkSB 9753 D1
|i snkKSP 805/63
|0 0
|1 0
|4 0
|d 2001-01-18
|l 0
|r 2005-01-02 00:00:00
|w 2026-02-24
|
| 952 |
|
|
|t P60, <04>, [BOOK], {604}
|a SNK
|b SNK
|y VYP
|7 0
|p 17A0265378
|o snkSB 9753 D2
|i snkKSP 1084/63
|0 0
|1 0
|4 0
|d 2001-01-18
|l 0
|r 2005-01-02 00:00:00
|w 2026-02-24
|
| 952 |
|
|
|t P60, <04>, [BOOK], {604}
|a SNK
|b SNK
|y VYP
|7 0
|p 17A0265425
|o snkSB 9753 D3
|i snkKSP 1085/63
|0 0
|1 0
|4 0
|d 2001-01-18
|l 0
|r 2005-01-02 00:00:00
|w 2026-02-24
|